[Event "Faxe Dags op"]
[Site "Faxe"]
[Date "2015.05.13"]
[Round "6"]
[White "Lindskov, Villy"]
[Black "Petersen, Bent Wester"]
[Result "0-1"]
[WhiteElo "1918"]
[BlackElo "1940"]
[PlyCount "78"]
[EventDate "2015.04.07"]
[EventType "swiss"]
[EventRounds "7"]
[EventCountry "DEN"]
[SourceTitle "EXT 2021"]
[Source "ChessBase"]
[SourceDate "2020.10.23"]
[SourceVersion "1"]
[SourceVersionDate "2020.10.23"]
[SourceQuality "1"]

1. e4 c5 2. Nf3 Nc6 3. d4 cxd4 4. Nxd4 g6 5. Be3 Bg7 6. Nc3 d6 7. Qd2 Nf6 8. f3 0-0 9. 0-0-0 a6 10. g4 Nxd4 11. Bxd4 b5 12. h4 h5 13. gxh5 Nxh5 14. Bxg7 Kxg7 15. Qd4+ Kg8 16. Bh3 Bxh3 17. Rxh3 Rc8 18. Qd2 Kh7 19. Kb1 Rc5 20. Nd5 Qd7 21. Rh2 Rg8 22. Rg1 Qe6 23. Rg5 Rgc8 24. Qd3 Rg8 25. Qd2 Rgc8 26. c3 f6 27. Rg1 a5 28. Rhg2 Rg8 29. Nf4 Nxf4 30. Qxf4 b4 31. cxb4 axb4 32. b3 Rh5 33. Rg4 Qe5 34. Qd2 Qb5 35. f4 Qb7 36. Qd3 Qb6 37. f5 g5 38. hxg5 Rgxg5 39. Rxg5 Rxg5 0-1

[Event "Faxe EMT"]
[Site "Faxe"]
[Date "2013.05.15"]
[Round "6"]
[White "Lindskov, Villy"]
[Black "Refsgaard, Kaj"]
[Result "1-0"]
[WhiteElo "1785"]
[BlackElo "1629"]
[PlyCount "107"]
[EventDate "2013.04.03"]
[EventType "swiss"]
[EventRounds "7"]
[EventCountry "DEN"]
[SourceTitle "EXT 2023"]
[Source "ChessBase"]
[SourceDate "2022.10.05"]
[SourceVersion "1"]
[SourceVersionDate "2022.10.05"]
[SourceQuality "1"]

1. e4 c5 2. Nc3 Nc6 3. f4 d6 4. Nf3 Bg4 5. h3 Bxf3 6. Qxf3 Nd4 7. Bb5+ Nxb5 8. Nxb5 e6 9. c4 Be7 10. 0-0 a6 11. Nc3 Rb8 12. a4 Nf6 13. d3 0-0 14. Be3 Nd7 15. d4 cxd4 16. Bxd4 Qc7 17. b3 Bf6 18. Bxf6 Nxf6 19. Kh1 Rbc8 20. Rab1 Rfd8 21. Rfd1 Nd7 22. Rd3 Nc5 23. Re3 Qd7 24. Ne2 Qe7 25. Ng3 Qf6 26. Nh5 Qh4 27. f5 e5 28. Kh2 Nd7 29. g3 Qg5 30. g4 Nf6 31. Nxf6+ Qxf6 32. Qg2 Qg5 33. Rd3 Rc6 34. Qg3 h6 35. h4 Qe7 36. g5 hxg5 37. hxg5 f6 38. gxf6 Qxf6 39. Kg2 Kf7 40. Rh1 Rcc8 41. Qg4 Rh8 42. Rdh3 Rhg8 43. Rh7 Rc7 44. Kf2 Ke8 45. Rh8 Rxh8 46. Rxh8+ Kd7 47. Qh5 Kc6 48. Ke3 Kc5 49. Kd3 Kb4 50. Kc2 b5 51. axb5 axb5 52. Rb8 Rc5 53. Qe8 Ka5 54. Rxb5+ 1-0

[Event "Faxe Eftermiddag-A"]
[Site "Faxe"]
[Date "2011.09.21"]
[Round "3"]
[White "Petersen, Bent Wester"]
[Black "Lindskov, Villy"]
[Result "1-0"]
[WhiteElo "1883"]
[BlackElo "1809"]
[PlyCount "102"]
[EventDate "2011.08.07"]
[EventType "tourn"]
[EventRounds "5"]
[EventCountry "DEN"]
[SourceTitle "EXT 2023"]
[Source "ChessBase"]
[SourceDate "2022.10.05"]
[SourceVersion "1"]
[SourceVersionDate "2022.10.05"]
[SourceQuality "1"]

1. d4 Nf6 2. c4 e6 3. Nc3 d5 4. Nf3 Nbd7 5. Bf4 c6 6. e3 Be7 7. Be2 b6 8. 0-0 Nh5 9. Be5 Nxe5 10. Nxe5 Nf6 11. Nxc6 Qc7 12. Nxe7 Qxe7 13. cxd5 exd5 14. Bf3 Bb7 15. Qb3 Qd7 16. Rac1 0-0 17. Rc2 Rfc8 18. Rfc1 Bc6 19. Ne2 Bb7 20. Rxc8+ Rxc8 21. Rxc8+ Qxc8 22. Qc3 Qd7 23. h3 g6 24. Qa3 Bc6 25. Nc3 h6 26. Qb4 Kg7 27. Be2 Ne8 28. Bb5 Bxb5 29. Qxb5 Qxb5 30. Nxb5 a6 31. Nc3 Nc7 32. f3 f5 33. Kf2 Kf6 34. Kg3 Ke6 35. h4 b5 36. a3 Kd6 37. Kf2 Ne6 38. g4 f4 39. Ne2 fxe3+ 40. Kxe3 a5 41. Nf4 Nf8 42. Nd3 g5 43. h5 Nd7 44. f4 gxf4+ 45. Kxf4 Nf8 46. Nc5 a4 47. Kf5 Ke7 48. g5 hxg5 49. Kxg5 Kf7 50. Kf5 Nh7 51. Nd7 Ke7 1-0

[Event "Faxe Eftermiddag-A"]
[Site "Faxe"]
[Date "2010.09.22"]
[Round "1"]
[White "Lindskov, Villy"]
[Black "Jensen, Morten Frank"]
[Result "1-0"]
[WhiteElo "1813"]
[BlackElo "1934"]
[PlyCount "115"]
[EventDate "2010.09.22"]
[EventType "tourn"]
[EventRounds "5"]
[EventCountry "DEN"]
[SourceTitle "EXT 2023"]
[Source "ChessBase"]
[SourceDate "2022.10.05"]
[SourceVersion "1"]
[SourceVersionDate "2022.10.05"]
[SourceQuality "1"]

1. e4 d5 2. exd5 Qxd5 3. Nc3 Qd6 4. d4 Nf6 5. Nf3 a6 6. h3 b5 7. a3 e6 8. Be2 Bb7 9. 0-0 Nbd7 10. Be3 c5 11. dxc5 Qxd1 12. Rfxd1 Bxc5 13. Bxc5 Nxc5 14. Ne5 Ke7 15. Bf3 Bxf3 16. Nxf3 Rhd8 17. Kf1 Nce4 18. Nxe4 Nxe4 19. Ke2 f6 20. Ne1 g5 21. Nd3 Rac8 22. c3 a5 23. Ke1 Rd5 24. f3 Ng3 25. Rd2 Nf5 26. Ke2 Rcd8 27. Rad1 h5 28. Nc1 Rxd2+ 29. Rxd2 Rxd2+ 30. Kxd2 Nh4 31. Nb3 Nxg2 32. Nxa5 Nf4 33. Nc6+ Kd6 34. Nd4 Kc5 35. b3 e5 36. Nf5 Nxh3 37. Ng3 Nf4 38. Ne4+ Kc6 39. Nxf6 h4 40. Ng4 Kd6 41. Ke3 Nd5+ 42. Kd3 h3 43. c4 bxc4+ 44. Kxc4 Ke6 45. Kd3 Kf5 46. Ke2 e4 47. Nf2 Nf4+ 48. Ke3 Nd5+ 49. Ke2 Nf4+ 50. Ke3 Ng2+ 51. Ke2 Nf4+ 52. Ke3 Nd5+ 53. Ke2 Nc3+ 54. Ke3 h2 55. fxe4+ Ke6 56. Kd3 Nxe4 57. Kxe4 g4 58. Kf4 1-0

[Event "Faxe EMT"]
[Site "Faxe"]
[Date "2009.05.06"]
[Round "7"]
[White "Andersen, Hans E"]
[Black "Lindskov, Villy"]
[Result "0-1"]
[WhiteElo "1449"]
[BlackElo "1822"]
[PlyCount "46"]
[EventDate "2009.03.18"]
[EventType "swiss"]
[EventRounds "7"]
[EventCountry "DEN"]
[SourceTitle "EXT 2023"]
[Source "ChessBase"]
[SourceDate "2022.10.05"]
[SourceVersion "1"]
[SourceVersionDate "2022.10.05"]
[SourceQuality "1"]

1. e4 c5 2. Bc4 Nc6 3. Nf3 d6 4. h3 Nf6 5. d3 g6 6. Nc3 Bg7 7. Ng5 e6 8. Be3 0-0 9. 0-0 h6 10. Nf3 b6 11. Qd2 Kh7 12. a3 a6 13. Nh2 d5 14. exd5 exd5 15. Bxd5 Nxd5 16. Nxd5 Qxd5 17. f3 f5 18. g4 Nd4 19. c3 Nb3 20. Qc2 Nxa1 21. Rxa1 fxg4 22. hxg4 Bb7 23. Rf1 Rad8 0-1

[Event "Faxe EMT"]
[Site "Faxe"]
[Date "2009.04.01"]
[Round "3"]
[White "Lindskov, Villy"]
[Black "Eckert, Svend"]
[Result "1-0"]
[WhiteElo "1822"]
[BlackElo "1628"]
[PlyCount "55"]
[EventDate "2009.03.18"]
[EventType "swiss"]
[EventRounds "7"]
[EventCountry "DEN"]
[SourceTitle "EXT 2023"]
[Source "ChessBase"]
[SourceDate "2022.10.05"]
[SourceVersion "1"]
[SourceVersionDate "2022.10.05"]
[SourceQuality "1"]

1. e4 c6 2. d4 d5 3. e5 e6 4. Bd3 c5 5. c3 c4 6. Bc2 Bd7 7. Nf3 g6 8. 0-0 b5 9. Be3 Bc6 10. h3 Nd7 11. Nbd2 Bh6 12. Qe2 f5 13. exf6 Qxf6 14. Nh2 Bg7 15. Ng4 Qe7 16. f4 Ngf6 17. Ne5 Nxe5 18. fxe5 Ne4 19. Nxe4 dxe4 20. Qg4 a6 21. Bxe4 Qd7 22. Bg5 Rf8 23. Rxf8+ Bxf8 24. Rf1 Be7 25. Bxe7 Kxe7 26. Qh4+ Ke8 27. Bxc6 Qxc6 28. Qxh7 1-0

[Event "Lovsprings op 06th B"]
[Site "Ringsted"]
[Date "1994.04.24"]
[Round "4"]
[White "Larsen, Bjorn"]
[Black "Lindskov, Villy"]
[Result "1-0"]
[WhiteElo "1877"]
[BlackElo "1785"]
[PlyCount "60"]
[EventDate "1994.03.27"]
[EventType "swiss"]
[EventRounds "7"]
[EventCountry "DEN"]
[SourceTitle "EXT 2023"]
[Source "ChessBase"]
[SourceDate "2022.10.05"]
[SourceVersion "1"]
[SourceVersionDate "2022.10.05"]
[SourceQuality "1"]

1. d4 Nf6 2. Nf3 d5 3. e3 e6 4. Bd3 Nbd7 5. Nbd2 Be7 6. 0-0 0-0 7. c3 c6 8. Re1 h6 9. Qe2 b6 10. e4 dxe4 11. Nxe4 Bb7 12. Ne5 Rc8 13. Qf3 Nxe4 14. Nxd7 Qxd7 15. Qxe4 g6 16. Bxh6 Rfe8 17. Re3 Bf6 18. Qf4 Qe7 19. Rf3 Bg7 20. Bg5 Qc7 21. Qh4 c5 22. Rh3 f5 23. Qh7+ Kf7 24. Bh6 Rg8 25. Rg3 cxd4 26. Rxg6 Kf8 27. Bxg7+ Qxg7 28. Rxg7 Rxg7 29. Qh6 Bxg2 30. Qxg7+ Kxg7 1-0

[Event "Lovsprings op 06th B"]
[Site "Ringsted"]
[Date "1994.04.10"]
[Round "3"]
[White "Lindskov, Villy"]
[Black "Jorgensen, Gert"]
[Result "1/2-1/2"]
[WhiteElo "1785"]
[BlackElo "1785"]
[PlyCount "58"]
[EventDate "1994.03.27"]
[EventType "swiss"]
[EventRounds "7"]
[EventCountry "DEN"]
[SourceTitle "EXT 2023"]
[Source "ChessBase"]
[SourceDate "2022.10.05"]
[SourceVersion "1"]
[SourceVersionDate "2022.10.05"]
[SourceQuality "1"]

1. e4 e6 2. d4 d5 3. Nd2 c5 4. exd5 Qxd5 5. Ngf3 cxd4 6. Bc4 Qd8 7. 0-0 Nf6 8. Nb3 Be7 9. Nbxd4 0-0 10. Qe2 Qb6 11. c3 Nc6 12. Rd1 Bc5 13. Nb3 Be7 14. Be3 Qc7 15. Bg5 a6 16. a4 Ne8 17. Bxe7 Qxe7 18. Nbd4 Nxd4 19. Rxd4 Nf6 20. Rad1 Bd7 21. Bb3 Bc6 22. Ne5 Rac8 23. Bc2 Qc7 24. Rh4 Rfd8 25. Rhd4 Rxd4 26. Rxd4 Be8 27. h3 Rd8 28. Qd3 Rxd4 29. Qxd4 Nd7 1/2-1/2

[Event "Lovsprings op 05th B"]
[Site "Ringsted"]
[Date "1993.04.23"]
[Round "4"]
[White "Lindskov, Villy"]
[Black "Madsen, Morten"]
[Result "0-1"]
[WhiteElo "1831"]
[BlackElo "1829"]
[PlyCount "82"]
[EventDate "1993.03.26"]
[EventType "swiss"]
[EventRounds "7"]
[EventCountry "DEN"]
[SourceTitle "EXT 2023"]
[Source "ChessBase"]
[SourceDate "2022.10.05"]
[SourceVersion "1"]
[SourceVersionDate "2022.10.05"]
[SourceQuality "1"]

1. e4 e5 2. Nc3 Nf6 3. f4 d6 4. Nf3 Nc6 5. d4 exd4 6. Nxd4 Be7 7. Nxc6 bxc6 8. Bd3 0-0 9. 0-0 d5 10. e5 Bc5+ 11. Kh1 Ng4 12. Qe1 f6 13. h3 Nf2+ 14. Rxf2 Bxf2 15. Qxf2 fxe5 16. Qg3 e4 17. Be2 Rb8 18. b3 Rf6 19. Ba3 Rg6 20. Qf2 Rh6 21. Qg3 Bf5 22. Nd1 Qd7 23. Kh2 Re8 24. Ne3 d4 25. Nc4 Rg6 26. Qe1 d3 27. Bf1 e3 28. Bxd3 Bxd3 29. cxd3 Qd4 30. g3 Qxd3 31. Rd1 Qc2+ 32. Rd2 Qe4 33. Re2 Qf5 34. Ne5 Rh6 35. Qf1 Rxe5 36. Qg2 Re4 37. Bc1 Rhe6 38. Bb2 Qd5 39. Be5 Kf7 40. Qf3 g6 41. h4 R4xe5 0-1